| 000 | 00445nam a22001817a 4500 | ||
|---|---|---|---|
| 003 | MPLRDC | ||
| 005 | 20220104174321.0 | ||
| 008 | 210129b ||||| |||| 00| 0 eng d | ||
| 020 | _a0-609-61062-7 | ||
| 082 | _a782.8571 CJSH-9 | ||
| 100 | _aJACK WEATHERFORD | ||
| 245 |
_aGENGHIS KHAN _c |
||
| 250 | _a初版 | ||
| 260 |
_a _bCROWN PUBLISHERS, N.Y. _c2003 |
||
| 300 | _b平 | ||
| 650 | _a成吉思汗传记 | ||
| 942 |
_cBK _o782.8571 CJSH-9 |
||
| 999 |
_c59809 _d59799 |
||